「田」のつく名字 TOP100 - Statistics

General Stats
  • This quiz has been taken 1,321 times
    1,320 since last reset
  • The average score is 47 of 100
Answer Stats
順位 全体順位 人数 名字 % Correct
1位 4位 1,312,000人 田中
95%
3位 12位 799,000人 山田
87%
28位 122位 149,000人 中田
85%
9位 43位 304,000人 太田
84%
40位 188位 108,000人 小田
77%
34位 153位 132,000人 野田
76%
16位 61位 242,000人 上田
75%
85位 448位 44,400人 大田
75%
7位 34位 366,000人 藤田
72%
64位 328位 63,500人 川田
72%
19位 76位 206,000人 高田
71%
21位 80位 202,000人 村田
71%
15位 60位 256,000人 森田
70%
25位 112位 159,000人 西田
70%
31位 130位 145,000人 本田
70%
12位 56位 273,000人 田村
69%
14位 59位 260,000人 石田
69%
23位 103位 172,000人 島田
68%
2位 11位 813,000人 吉田
67%
6位 32位 372,000人 岡田
65%
10位 51位 285,000人 原田
65%
11位 53位 282,000人 松田
65%
47位 234位 91,500人 多田
65%
13位 58位 261,000人 和田
63%
53位 259位 84,000人 神田
62%
70位 363位 55,000人 下田
61%
39位 181位 112,000人 宮田
57%
68位 336位 62,300人 新田
57%
30位 126位 147,000人 岩田
56%
52位 250位 87,400人 坂田
56%
58位 294位 73,300人 津田
56%
55位 269位 80,500人 長田
55%
57位 293位 73,500人 戸田
55%
8位 42位 306,000人 福田
54%
24位 111位 159,000人 飯田
54%
22位 89位 195,000人 武田
53%
49位 238位 90,000人 田島
53%
81位 430位 46,200人 林田
52%
99位 557位 35,100人 河田
52%
35位 159位 125,000人 黒田
51%
4位 23位 441,000人 池田
50%
32位 135位 143,000人 田口
50%
33位 144位 137,000人 浜田
50%
51位 246位 88,100人 竹田
50%
5位 31位 373,000人 前田
48%
65位 330位 63,400人 須田
48%
26位 117位 154,000人 安田
47%
36位 161位 123,000人 永田
47%
60位 310位 68,300人 金田
47%
76位 420位 47,200人 田原
47%
17位 63位 241,000人 内田
46%
27位 121位 151,000人 平田
46%
43位 204位 102,000人 沢田
45%
95位 506位 38,400人 秋田
45%
44位 209位 101,000人 富田
43%
66位 334位 62,700人 古田
43%
29位 123位 149,000人 久保田
42%
59位 301位 72,300人 町田
41%
86位 450位 44,100人 澤田
41%
37位 165位 122,000人 田辺
40%
94位 496位 39,300人 田上
40%
62位 313位 67,800人 杉田
39%
97位 516位 37,600人 岸田
39%
38位 175位 116,000人 横田
38%
50位 240位 89,600人 角田
38%
78位 422位 46,800人 浅田
38%
41位 191位 107,000人 鎌田
37%
84位 442位 45,100人 沼田
37%
90位 470位 42,000人 倉田
37%
92位 486位 40,300人 千田
37%
72位 370位 54,400人 広田
36%
18位 64位 238,000人 柴田
35%
20位 77位 205,000人 増田
35%
56位 278位 77,100人 田代
35%
46位 222位 96,100人 寺田
34%
54位 262位 83,700人 植田
34%
63位 314位 67,600人 堀田
34%
73位 371位 54,300人 嶋田
33%
48位 237位 90,100人 豊田
32%
67位 335位 62,600人 梅田
31%
74位 372位 54,100人 栗田
31%
45位 212位 100,000人 奥田
30%
71位 365位 54,900人 塚田
30%
69位 343位 60,600人 土田
29%
100位 568位 34,100人 半田
29%
77位 421位 47,100人 稲田
28%
42位 199位 104,000人 成田
27%
61位 311位 68,000人 米田
27%
89位 462位 42,800人 花田
27%
82位 433位 45,900人 篠田
26%
87位 458位 43,200人 園田
25%
96位 509位 37,900人 細田
25%
91位 480位 40,800人 田畑
23%
79位 425位 46,500人 柳田
22%
93位 490位 39,900人 徳田
22%
75位 396位 51,100人 窪田
21%
80位 429位 46,200人 冨田
20%
83位 441位 45,300人 鶴田
20%
98位 528位 36,900人 塩田
17%
88位 460位 43,100人 奧田
5%
No matching quizzes found
Score Distribution
Percent of People with Each Score
Percentile by Number Answered
Your Score History
You have not taken this quiz since the last reset